A Textbook of Histology (Record no. 487)

MARC details
000 -LEADER
fixed length control field 00972cam a2200289 a 4500
001 - CONTROL NUMBER
control field 634057
003 - CONTROL NUMBER IDENTIFIER
control field OSt
005 - DATE AND TIME OF LATEST TRANSACTION
control field 20241114111506.0
008 - FIXED-LENGTH DATA ELEMENTS--GENERAL INFORMATION
fixed length control field 930526s1994 nyua b 001 0 eng c
010 ## - LIBRARY OF CONGRESS CONTROL NUMBER
LC control number 93014568
020 ## - INTERNATIONAL STANDARD BOOK NUMBER
International Standard Book Number 0412046911
040 ## - CATALOGING SOURCE
Original cataloging agency DNLM/DLC
Transcribing agency DLC
Modifying agency DLC
050 00 - LIBRARY OF CONGRESS CALL NUMBER
Classification number QM551
Item number .F34 1994
060 00 - NATIONAL LIBRARY OF MEDICINE CALL NUMBER
Classification number QS 504 F278b 1993
082 00 - DEWEY DECIMAL CLASSIFICATION NUMBER
Classification number QS 504 F281t 1994
Edition number 20
100 1# - MAIN ENTRY--PERSONAL NAME
Personal name Fawcett, Don W.; Bloom, William; Raviola, Elio
9 (RLIN) 1241
245 12 - TITLE STATEMENT
Title A Textbook of Histology
250 ## - EDITION STATEMENT
Edition statement 12th ed.
260 ## - PUBLICATION, DISTRIBUTION, ETC. (IMPRINT)
Place of publication, distribution, etc. New York;
Name of publisher, distributor, etc. Chapman & Hall,
Date of publication, distribution, etc. c1994.
300 ## - PHYSICAL DESCRIPTION
Extent xx, 964 p. :
Other physical details ill. (some col.) ;
Dimensions 27 cm.
504 ## - BIBLIOGRAPHY, ETC. NOTE
Bibliography, etc Includes bibliographical references and index.
650 #0 - SUBJECT ADDED ENTRY--TOPICAL TERM
Topical term or geographic name as entry element Histology.
9 (RLIN) 194
740 0# - ADDED ENTRY--UNCONTROLLED RELATED/ANALYTICAL TITLE
Uncontrolled related/analytical title Bloom and Fawcett, a textbook of histology.
906 ## - LOCAL DATA ELEMENT F, LDF (RLIN)
a 7
b cbc
c orignew
d 1
e ocip
f 19
g y-gencatlg
942 ## - ADDED ENTRY ELEMENTS (KOHA)
Source of classification or shelving scheme Other/Generic Classification Scheme
Koha item type Short Loan
Holdings
Withdrawn status Lost status Source of classification or shelving scheme Damaged status Not for loan Home library Current library Date acquired Source of acquisition Inventory number Total Checkouts Full call number Barcode Date last seen Koha item type
    Other/Generic Classification Scheme     MUST Main Library MUST Main Library 22/09/2014 Purchase 00/14635   QS 504 F281t 1994 2014-2906 22/09/2014 Open Shelf
    Other/Generic Classification Scheme     MUST Main Library MUST Main Library 22/09/2014 Purchase 00/14634   QS 504 F281t 1994 2014-2907 22/09/2014 Open Shelf